<?xml version="1.0" encoding="UTF-8"?>
<record
    xmlns:xsi="http://www.w3.org/2001/XMLSchema-instance"
    xsi:schemaLocation="http://www.loc.gov/MARC21/slim http://www.loc.gov/standards/marcxml/schema/MARC21slim.xsd"
    xmlns="http://www.loc.gov/MARC21/slim">

  <leader>01703nam a22003857a 4500</leader>
  <controlfield tag="003">DO-SdBNP</controlfield>
  <controlfield tag="005">20240508073818.0</controlfield>
  <controlfield tag="007">ta</controlfield>
  <controlfield tag="008">210216b 2020 dr a c  00| 0 eng d</controlfield>
  <datafield tag="020" ind1=" " ind2=" ">
    <subfield code="a">9789945586978 (v. 1)</subfield>
  </datafield>
  <datafield tag="020" ind1=" " ind2=" ">
    <subfield code="a">9789945913132 (v. 2)</subfield>
  </datafield>
  <datafield tag="040" ind1=" " ind2=" ">
    <subfield code="a">DO-SdBNP</subfield>
    <subfield code="b">spa</subfield>
    <subfield code="c">BNPHU</subfield>
  </datafield>
  <datafield tag="082" ind1=" " ind2="4">
    <subfield code="a">972.93052</subfield>
    <subfield code="b">V335H</subfield>
    <subfield code="2">22</subfield>
  </datafield>
  <datafield tag="100" ind1="1" ind2=" ">
    <subfield code="a">V&#xE1;squez, Horacio,</subfield>
    <subfield code="d">1860-1936</subfield>
    <subfield code="9">40202</subfield>
  </datafield>
  <datafield tag="245" ind1="1" ind2="0">
    <subfield code="a">Horacio V&#xE1;squez :</subfield>
    <subfield code="b">mensajes y memorias 1924-1930 /</subfield>
    <subfield code="c">compilador  Ricardo Hern&#xE1;ndez ; presentaci&#xF3;n Roberto Cass&#xE1; ;  Introducci&#xF3;n Ricardo Hern&#xE1;ndez.</subfield>
  </datafield>
  <datafield tag="260" ind1=" " ind2=" ">
    <subfield code="a">Santo Domingo :</subfield>
    <subfield code="b">Archivo General de la Naci&#xF3;n,</subfield>
    <subfield code="c">2020.</subfield>
  </datafield>
  <datafield tag="300" ind1=" " ind2=" ">
    <subfield code="a">2 v. :</subfield>
    <subfield code="b">iustraciones, fotos.;</subfield>
    <subfield code="c">27 cm. </subfield>
  </datafield>
  <datafield tag="490" ind1="1" ind2=" ">
    <subfield code="a">Archivo General de Naci&#xF3;n</subfield>
    <subfield code="v">301 </subfield>
  </datafield>
  <datafield tag="490" ind1="1" ind2=" ">
    <subfield code="a">Archivo General de la Naci&#xF3;n</subfield>
    <subfield code="v">338</subfield>
  </datafield>
  <datafield tag="490" ind1="1" ind2=" ">
    <subfield code="a">Presidentes dominicanos</subfield>
  </datafield>
  <datafield tag="500" ind1=" " ind2=" ">
    <subfield code="a">Incluye datos biogr&#xE1;ficos del compilador en las solapas.</subfield>
  </datafield>
  <datafield tag="500" ind1=" " ind2=" ">
    <subfield code="a">Incluye referencias bibliogr&#xE1;ficas y notas al pie de las p&#xE1;ginas.</subfield>
  </datafield>
  <datafield tag="500" ind1=" " ind2=" ">
    <subfield code="a">Incluye &#xED;ndice onom&#xE1;stico</subfield>
  </datafield>
  <datafield tag="505" ind1="0" ind2=" ">
    <subfield code="a">v.1 --</subfield>
    <subfield code="t">Cronolog&#xED;a pol&#xED;tica abierta de Horacio V&#xE1;squez --</subfield>
    <subfield code="g">v. 2.</subfield>
    <subfield code="t">El partido horacista .</subfield>
  </datafield>
  <datafield tag="590" ind1=" " ind2=" ">
    <subfield code="a">Inventariado, 2021 /LP
</subfield>
  </datafield>
  <datafield tag="600" ind1="1" ind2="4">
    <subfield code="a">V&#xE1;squez, Horacio, </subfield>
    <subfield code="d">1860-1936</subfield>
    <subfield code="v">Ensayos, conferencias, etc.</subfield>
    <subfield code="9">78474</subfield>
  </datafield>
  <datafield tag="651" ind1=" " ind2="4">
    <subfield code="a">Rep&#xFA;blica Dominicana</subfield>
    <subfield code="x">Historia </subfield>
    <subfield code="y">1924-1930</subfield>
    <subfield code="9">52895</subfield>
  </datafield>
  <datafield tag="651" ind1=" " ind2="4">
    <subfield code="a">Rep&#xFA;blica Dominicana</subfield>
    <subfield code="x">Pol&#xED;tica y gobierno</subfield>
    <subfield code="x">Historia</subfield>
    <subfield code="y">1924-1930</subfield>
    <subfield code="9">78475</subfield>
  </datafield>
  <datafield tag="700" ind1="1" ind2=" ">
    <subfield code="a">Hern&#xE1;ndez, Ricardo, </subfield>
    <subfield code="d">1954-</subfield>
    <subfield code="e"> compilador.</subfield>
    <subfield code="9">77790</subfield>
  </datafield>
  <datafield tag="700" ind1="1" ind2=" ">
    <subfield code="a">Cass&#xE1;, Roberto, </subfield>
    <subfield code="d">1948-</subfield>
    <subfield code="e">presentaci&#xF3;n </subfield>
    <subfield code="9">10888</subfield>
  </datafield>
  <datafield tag="830" ind1=" " ind2="0">
    <subfield code="a">Archivo General de Naci&#xF3;n</subfield>
    <subfield code="n">301 </subfield>
    <subfield code="9">77792</subfield>
  </datafield>
  <datafield tag="830" ind1=" " ind2="0">
    <subfield code="a">Archivo General de Naci&#xF3;n </subfield>
    <subfield code="n">338</subfield>
    <subfield code="9">77794</subfield>
  </datafield>
  <datafield tag="830" ind1=" " ind2="0">
    <subfield code="a">Presidentes dominicanos</subfield>
    <subfield code="9">77793</subfield>
  </datafield>
  <datafield tag="942" ind1=" " ind2=" ">
    <subfield code="2">ddc</subfield>
    <subfield code="c">LBS1</subfield>
  </datafield>
  <datafield tag="952" ind1=" " ind2=" ">
    <subfield code="0">0</subfield>
    <subfield code="1">0</subfield>
    <subfield code="2">ddc</subfield>
    <subfield code="5">1</subfield>
    <subfield code="7">0</subfield>
    <subfield code="8">PD</subfield>
    <subfield code="a">BNPHU</subfield>
    <subfield code="b">BNPHU</subfield>
    <subfield code="c">HD</subfield>
    <subfield code="d">2021-02-16</subfield>
    <subfield code="e">B&#xFA;ho</subfield>
    <subfield code="o">BNPHU PD 972.93052 V335H</subfield>
    <subfield code="p">2021-0206</subfield>
    <subfield code="r">2021-02-16</subfield>
    <subfield code="t">v. 1</subfield>
    <subfield code="w">2021-02-16</subfield>
    <subfield code="y">LBS1</subfield>
  </datafield>
  <datafield tag="952" ind1=" " ind2=" ">
    <subfield code="0">0</subfield>
    <subfield code="1">0</subfield>
    <subfield code="2">ddc</subfield>
    <subfield code="5">1</subfield>
    <subfield code="7">0</subfield>
    <subfield code="8">PD</subfield>
    <subfield code="a">BNPHU</subfield>
    <subfield code="b">BNPHU</subfield>
    <subfield code="c">HD</subfield>
    <subfield code="d">2021-02-16</subfield>
    <subfield code="e">B&#xFA;ho</subfield>
    <subfield code="o">BNPHU PD 972.93052 V335H</subfield>
    <subfield code="p">2021-0207</subfield>
    <subfield code="r">2021-02-16</subfield>
    <subfield code="t">v.1, e. 2</subfield>
    <subfield code="w">2021-02-16</subfield>
    <subfield code="y">LBS1</subfield>
  </datafield>
  <datafield tag="952" ind1=" " ind2=" ">
    <subfield code="0">0</subfield>
    <subfield code="1">0</subfield>
    <subfield code="2">ddc</subfield>
    <subfield code="5">6</subfield>
    <subfield code="7">0</subfield>
    <subfield code="8">DS</subfield>
    <subfield code="a">BNPHU</subfield>
    <subfield code="b">BNPHU</subfield>
    <subfield code="c">HD</subfield>
    <subfield code="d">2021-02-16</subfield>
    <subfield code="e">B&#xFA;ho</subfield>
    <subfield code="o">BNPHU DS 972.93052 V335H</subfield>
    <subfield code="p">2021-0208</subfield>
    <subfield code="r">2021-02-16</subfield>
    <subfield code="t">v.1, e. 3</subfield>
    <subfield code="w">2021-02-16</subfield>
    <subfield code="y">LBS1</subfield>
  </datafield>
  <datafield tag="952" ind1=" " ind2=" ">
    <subfield code="0">0</subfield>
    <subfield code="1">0</subfield>
    <subfield code="2">ddc</subfield>
    <subfield code="5">6</subfield>
    <subfield code="7">0</subfield>
    <subfield code="8">DS</subfield>
    <subfield code="a">BNPHU</subfield>
    <subfield code="b">BNPHU</subfield>
    <subfield code="c">HD</subfield>
    <subfield code="d">2021-02-16</subfield>
    <subfield code="e">Archivo General de la Naci&#xF3;n</subfield>
    <subfield code="o">BNPHU DS 972.93052 V335H</subfield>
    <subfield code="p">2021-0209</subfield>
    <subfield code="r">2021-02-16</subfield>
    <subfield code="t">v. 1, e. 4</subfield>
    <subfield code="w">2021-02-16</subfield>
    <subfield code="y">LBS1</subfield>
  </datafield>
  <datafield tag="952" ind1=" " ind2=" ">
    <subfield code="0">0</subfield>
    <subfield code="1">0</subfield>
    <subfield code="2">ddc</subfield>
    <subfield code="5">6</subfield>
    <subfield code="7">0</subfield>
    <subfield code="8">DS</subfield>
    <subfield code="a">BNPHU</subfield>
    <subfield code="b">BNPHU</subfield>
    <subfield code="c">HD</subfield>
    <subfield code="d">2021-02-16</subfield>
    <subfield code="e">Archivo General de la Naci&#xF3;n</subfield>
    <subfield code="o">BNPHU DS 972.93052 V335H</subfield>
    <subfield code="p">2021-0210</subfield>
    <subfield code="r">2021-02-16</subfield>
    <subfield code="t">v. 1,  e. 5</subfield>
    <subfield code="w">2021-02-16</subfield>
    <subfield code="y">LBS1</subfield>
  </datafield>
  <datafield tag="952" ind1=" " ind2=" ">
    <subfield code="0">0</subfield>
    <subfield code="1">0</subfield>
    <subfield code="2">ddc</subfield>
    <subfield code="5">1</subfield>
    <subfield code="7">0</subfield>
    <subfield code="8">PD</subfield>
    <subfield code="a">BNPHU</subfield>
    <subfield code="b">BNPHU</subfield>
    <subfield code="c">HD</subfield>
    <subfield code="d">2021-02-16</subfield>
    <subfield code="e">B&#xFA;ho</subfield>
    <subfield code="o">BNPHU PD 972.93052 V335H</subfield>
    <subfield code="p">2021-0211</subfield>
    <subfield code="r">2021-02-16</subfield>
    <subfield code="t">v. 2</subfield>
    <subfield code="w">2021-02-16</subfield>
    <subfield code="y">LBS1</subfield>
  </datafield>
  <datafield tag="952" ind1=" " ind2=" ">
    <subfield code="0">0</subfield>
    <subfield code="1">0</subfield>
    <subfield code="2">ddc</subfield>
    <subfield code="5">1</subfield>
    <subfield code="7">0</subfield>
    <subfield code="8">PD</subfield>
    <subfield code="a">BNPHU</subfield>
    <subfield code="b">BNPHU</subfield>
    <subfield code="c">HD</subfield>
    <subfield code="d">2021-02-16</subfield>
    <subfield code="e">B&#xFA;ho</subfield>
    <subfield code="o">BNPHU PD 972.93052 V335H</subfield>
    <subfield code="p">2021-0212</subfield>
    <subfield code="r">2021-02-16</subfield>
    <subfield code="t">v. 2, e. 2</subfield>
    <subfield code="w">2021-02-16</subfield>
    <subfield code="y">LBS1</subfield>
  </datafield>
  <datafield tag="952" ind1=" " ind2=" ">
    <subfield code="0">0</subfield>
    <subfield code="1">0</subfield>
    <subfield code="2">ddc</subfield>
    <subfield code="5">6</subfield>
    <subfield code="7">0</subfield>
    <subfield code="8">DS</subfield>
    <subfield code="a">BNPHU</subfield>
    <subfield code="b">BNPHU</subfield>
    <subfield code="c">HD</subfield>
    <subfield code="d">2021-02-16</subfield>
    <subfield code="e">B&#xFA;ho</subfield>
    <subfield code="o">BNPHU DS 972.93052 V335H</subfield>
    <subfield code="p">2021-0213</subfield>
    <subfield code="r">2021-02-16</subfield>
    <subfield code="t">v. 2, e. 3</subfield>
    <subfield code="w">2021-02-16</subfield>
    <subfield code="y">LBS1</subfield>
  </datafield>
  <datafield tag="952" ind1=" " ind2=" ">
    <subfield code="0">0</subfield>
    <subfield code="1">0</subfield>
    <subfield code="2">ddc</subfield>
    <subfield code="5">6</subfield>
    <subfield code="7">0</subfield>
    <subfield code="8">DS</subfield>
    <subfield code="a">BNPHU</subfield>
    <subfield code="b">BNPHU</subfield>
    <subfield code="c">HD</subfield>
    <subfield code="d">2021-02-16</subfield>
    <subfield code="e">Archivo General de la Naci&#xF3;n</subfield>
    <subfield code="o">BNPHU DS 972.93052 V335H</subfield>
    <subfield code="p">2021-0214</subfield>
    <subfield code="r">2021-02-16</subfield>
    <subfield code="t">v. 2, e. 4</subfield>
    <subfield code="w">2021-02-16</subfield>
    <subfield code="y">LBS1</subfield>
  </datafield>
  <datafield tag="952" ind1=" " ind2=" ">
    <subfield code="0">0</subfield>
    <subfield code="1">0</subfield>
    <subfield code="2">ddc</subfield>
    <subfield code="5">6</subfield>
    <subfield code="7">0</subfield>
    <subfield code="8">DS</subfield>
    <subfield code="a">BNPHU</subfield>
    <subfield code="b">BNPHU</subfield>
    <subfield code="c">HD</subfield>
    <subfield code="d">2021-02-16</subfield>
    <subfield code="e">Archivo General de la Naci&#xF3;n</subfield>
    <subfield code="o">BNPHU DS 972.93052 V335H</subfield>
    <subfield code="p">2021-0215</subfield>
    <subfield code="r">2021-02-16</subfield>
    <subfield code="t">v. 2, e. 5</subfield>
    <subfield code="w">2021-02-16</subfield>
    <subfield code="y">LBS1</subfield>
  </datafield>
  <datafield tag="999" ind1=" " ind2=" ">
    <subfield code="c">49384</subfield>
    <subfield code="d">49384</subfield>
  </datafield>
</record>
